000 00444nam a22001697a 4500
003 NUST - PNEC
005 20170116181120.0
008 151004b xxu||||| |||| 00| 0 eng d
020 _a-
040 _cLIBRARY
082 _a891.43 BUT
100 _913463
_aButt, Muhammad Younus
_bButt, Muhammad Younus
245 _aJok dar jok
_cMuhammad Younus Butt
260 _cc.2002
650 _913465
_aUrdu Literature
_xGeneral
942 _2ddc
_cBK
999 _c69536
_d69536